Tokyo Narita Airport - Top 10 European Destinations - Statistics

General Stats
  • This quiz has been taken 844 times
  • The average score is 8 of 10
Answer Stats
Ranking Passenger Numbers Airport % Correct
6 181,423 London-Heathrow
99%
1 382,893 Paris (Charles De Gaulle)
98%
5 186,991 Rome-Fiumicino
91%
2 303,133 Frankfurt
89%
4 232,031 Amsterdam
84%
10 125,214 Milan-Malpensa
75%
8 139,951 Zurich
67%
7 145,178 Vienna
65%
9 129,636 Copenhagen
61%
3 281,080 Helsinki
57%
No matching quizzes found
Score Distribution
Percent of People with Each Score
Percentile by Number Answered
Your Score History
You have not taken this quiz